Statistics for Disney Animated Films by Tomatometer

Click here to take the quiz!

General Stats

  • This quiz has been taken 4 times
    (1 since last reset)
  • The average score is 13 of 31

Answer Stats

RatingMovie% Correct
100%Pinocchio | The Many Adventures of Winnie the Pooh
100%
98%Snow White and the Seven Dwarfs | Dumbo | One Hundred and One Dalmatians | Zootopia
100%
49%Atlantis: The Lost Empire
100%
53%The Black Cauldron | Home on the Range
100%
69%Treasure Planet
100%
70%Make Mine Music | The Fox and the Hound | The Rescuers Down Under
100%
81%Alice in Wonderland | Peter Pan | The Rescuers | Fantasia 2000
100%
37%Brother Bear | Chicken Little
100%
89%Sleeping Beauty | Tarzan | Bolt | Tangled
100%
94%The Adventures of Ichabod and Mr. Toad | Beauty and the Beast
100%
97%Cinderella
100%
95%Fantasia | Aladdin | Moana
100%
90%Bambi | Frozen | Big Hero 6
100%
50%Oliver & Company
0%
54%Robin Hood
0%
55%Pocahontas
0%
64%The Aristocats | Dinosaur
0%
66%The Sword in the Stone
0%
67%Fun & Fancy Free | Meet the Robinsons
0%
71%The Hunchback of Notre Dame
0%
93%Lady and the Tramp | The Little Mermaid | The Lion King
0%
88%The Jungle Book | Ralph Breaks the Internet
0%
77%Frozen II
0%
80%Melody Time | The Great Mouse Detective
0%
91%Winnie the Pooh
0%
83%Saludos Amigos
0%
84%Hercules
0%
85%The Emperor's New Groove | The Princess and the Frog
0%
86%Mulan | Lilo & Stitch
0%
87%Wreck-It Ralph
0%
82%The Three Caballeros
0%

Score Distribution

Percentile by Number Answered

Percent of People with Each Score

Your Score History

You have not taken this quiz since the last reset